Tipping point : the war with China : the first ... Read More
Available copies
- 1 of 1 copy available at LARL/NWRL Consortium.
- 1 of 1 copy available at Lake Agassiz Regional Library. (Show preferred library)
Current holds
0 current holds with 1 total copy.
Show Only Available Copies
| Location | Call Number / Copy Notes | Barcode | Shelving Location | Status | Due Date |
|---|---|---|---|---|---|
| Moorhead Public Library | POY (Text) | 33500012196291 | Main | Available | - |
Record details
- ISBN: 9781250054432 (hardcover)
- ISBN: 1250054435 (hardcover)
- Physical Description: pages cm.
- Edition: First edition.
- Publisher: New York : St. Martin's Press, 2015.
Content descriptions
| Summary, etc.: | "Captain Dan Lenson is under fire both at sea, and ... Read More |
Search for related items by subject
| Genre: | Suspense fiction. Adventure fiction. Sea stories. Fiction. |
Search for related items by series
| LDR | 03374cam a22005298i 4500 | ||
|---|---|---|---|
| 001 | 195395 | ||
| 003 | LARL_NWRL_CONSORTIUM | ||
| 005 | 20170110182526.0 | ||
| 008 | 150918s2015 nyu 000 1 eng | ||
| 020 | . | ‡a9781250054432 (hardcover) | |
| 020 | . | ‡a1250054435 (hardcover) | |
| 020 | . | ‡z9781466857421 (ebook) | |
| 035 | . | ‡a(OCoLC)921821770 | |
| 042 | . | ‡apcc | |
| 043 | . | ‡an-us--- | |
| 082 | 0 | 0. | ‡a813/.54 ‡223 |
| 084 | . | ‡aFIC047000 ‡2bisacsh | |
| 100 | 1 | . | ‡aPoyer, David. ‡0(LARL_NWRL_CONSORTIUM)76113 |
| 245 | 1 | 0. | ‡aTipping point : ‡bthe war with China : the first salvo. ‡n#15 / ‡cDavid Poyer. |
| 250 | . | ‡aFirst edition. | |
| 264 | 1. | ‡aNew York : ‡bSt. Martin's Press, ‡c2015. | |
| 300 | . | ‡apages cm. | |
| 336 | . | ‡atext ‡2rdacontent | |
| 337 | . | ‡aunmediated ‡2rdamedia | |
| 338 | . | ‡avolume ‡2rdacarrier | |
| 490 | 0 | . | ‡aDan Lenson ; ‡v15 |
| 520 | . | ‡a"Captain Dan Lenson is under fire both at sea, and in Washington. His command of the first antiballistic-missile-capable cruiser in the Fleet, USS Savo Island, is threatened when he's called home to testify before Congress. There, he must defend his controversial decision to prevent a massive retaliatory missile attack by Israel against civilian targets in the Mideast. Shaken by the near-end of his career, Lenson returns to command uncertain of his own future, but determined to do his best by a damaged ship and an increasingly divided crew. Ordered to the Indian Ocean, Savo cruises off East Africa, protecting shipping lanes from pirates. But this seemingly routine patrol turns ominous when an unknown assailant begins assaulting female crew members. But then, an explosive showdown begins between India and Pakistan...with Savo Island, and her unique but not yet fully battle-ready ability to intercept ballistic missiles, standing alone between two nations on the brink of the first theater nuclear war. Dan will have to battle tsunami driven seas, incoming weapons, and a quickly tilting balance of power, as China moves inexorably in her bid to displace America in the far Pacific. The fifteenth novel in David Poyer's acclaimed series of naval adventures featuring Dan Lenson, Tipping Point is an action-packed, utterly authentic story of duty, war, and the stress of command, by the most popular living author of American sea fiction"-- ‡cProvided by publisher. | |
| 650 | 0. | ‡aLenson, Dan (Fictitious character) ‡vFiction. | |
| 610 | 1 | 0. | ‡aUnited States. ‡bNavy ‡xOfficers ‡vFiction. |
| 650 | 0. | ‡aSpecial operations (Military science) ‡zUnited States ‡vFiction. | |
| 650 | 7. | ‡aFICTION / Sea Stories. ‡2bisacsh | |
| 610 | 1 | 7. | ‡aUnited States. ‡bNavy. ‡2fast ‡0(LARL_NWRL_CONSORTIUM)33674 |
| 650 | 7. | ‡2fast ‡aArmed Forces ‡xOfficers ‡0(LARL_NWRL_CONSORTIUM)157492 | |
| 650 | 7. | ‡aLenson, Dan (Fictitious character) ‡2fast ‡0(LARL_NWRL_CONSORTIUM)41750 | |
| 650 | 7. | ‡2fast ‡aSpecial operations (Military science) ‡0(LARL_NWRL_CONSORTIUM)31676 | |
| 651 | 7. | ‡aUnited States. ‡2fast ‡0(LARL_NWRL_CONSORTIUM)54625 | |
| 655 | 7. | ‡aSuspense fiction. ‡2gsafd | |
| 655 | 7. | ‡aAdventure fiction. ‡2gsafd | |
| 655 | 7. | ‡aSea stories. ‡2gsafd | |
| 655 | 7. | ‡aFiction. ‡2fast | |
| 905 | . | ‡uvanderl | |
| 901 | . | ‡a195395 ‡b ‡c195395 ‡tbiblio ‡soclc | |

Add to basket
Permalink
Disable Highlighting